000 004420000a22001570004500
003 MACL
005 20180227130620.0
008 180227b xxu||||| |||| 00| 0 eng d
040 _cmacl
100 _aशोैकत ,थानवी
_970820
245 _aनीलाेफर
260 _b प्रगति प्रकाशन
_c2006
350 _a200
650 _aनोवल ण्‍
_970821
942 _cHIN
_k891.433/THA/N
_2ddc
999 _c12840
_d12840